00370pab a2200133 454500008004000000100002500040245006400065260000900129300001400138362001200152650001500164650001800179773003900197180718b2008 xxu||||| |||| 00| 0 eng d aChatterjee, Biswajit aGlobalization, growth and employment: an analytical enquiry c2008 ap.517-32. aOct-Dec aEmployment aGlobalization aIndian Journal of Labour Economics